000 00657nam a2200181Ia 4500
008 090124s9999 xx 000 0 und d
082 _b131704
100 _aहरकारे अरुण
245 _a कमिशनर ऑफ पोलीस ठाणे आयुक्तालय
250 _a1
260 _c2003
300 _a105
600 _aहरकारे अरुण
630 _a कमिशनर ऑफ पोलीस ठाणे आयुक्तालय
700 _aहरकारे अरुण
730 _a कमिशनर ऑफ पोलीस ठाणे आयुक्तालय
942 _cBOOK
999 _c177793
_d177793